| 000 | 00692nam a22002537a 4500 | ||
|---|---|---|---|
| 003 | 0 | ||
| 005 | 20180723170108.0 | ||
| 008 | 0 | ||
| 010 | _aB-181226 | ||
| 020 |
_c285.00 _a0333937163 |
||
| 035 | _aB-181226, B-133116 | ||
| 037 | _bCen Lib/Ret | ||
| 040 |
_aDPL _bEN _c0 |
||
| 082 |
_a351.1 _bSAT |
||
| 100 |
_aSathya Babu _973272 |
||
| 245 |
_aMotivating bureacracy / _cby Sathya Babu |
||
| 260 |
_aNew Delhi _bMamillan India _c2003 |
||
| 270 |
_bNew Delhi _a2/10, ansari road daryaganj |
||
| 300 |
_axv,175p. _c21cm(Hb) |
||
| 500 | _aIncludes index | ||
| 650 |
_aBureaucracy--India _973273 |
||
| 650 |
_aPublic service _973274 |
||
| 942 |
_2ddc _cEN _h351.1 _mSAT |
||
| 999 |
_c126576 _d126576 |
||